00640nam a2200229Ia 4500008004100000020002200041050001600063050001400079100002200093245004500115245007200160250001700232260001500249260001700264260000900281300001600290300002000306300001200326500002000338650002400358650002800382160303s9999 xx 000 0 und d a978-0-07-122090-3 aMAIN TS 155 b.J33 2011 aJacobs, F. Robert aOperations and supply chain management / cF. Robert Jacobs, Richard B. Chase ; Rhonda R. Lummus, contributor. a13th Edition aNew York : bMcGraw-Hill. c2011 a829 pages : billustrations ; c28 cm.  aIncludes index. aBusiness logistics. aProduction management.